|
|
|
|
| LEADER |
00621nam a22001697a 4500 |
| 005 |
20151026130343.0 |
| 008 |
091024t xxu||||| |||| 00| 0 eng d |
| 020 |
|
|
|a 81-264-0512-0
|
| 080 |
|
|
|a 820-9=M
|b ABD;1
|
| 245 |
|
|
|a Jwalikkunna Manassukal:
|b ignited minds: unleashing the power within India
|
| 250 |
|
|
|a 13th ed.
|
| 260 |
|
|
|a Kottayam,
|b D.C. Books
|c 2005
|9 6768
|
| 300 |
|
|
|a 112p.
|
| 653 |
|
|
|a Essays - Malayalam literature
|a Malayalam Literature - Essays
|
| 942 |
|
|
|c BK
|6 _
|
| 999 |
|
|
|c 3735
|d 3735
|
| 952 |
|
|
|0 0
|1 0
|2 udc
|4 0
|6 8209M_ABD1
|7 0
|9 14488
|a UL
|b UL
|d 2009-10-24
|l 4
|o 820.9=M ABD;1
|p 00055065
|r 2015-09-09
|s 2015-09-09
|w 2009-10-24
|y BK
|